| 000 | 00869 a2200217 4500 | ||
|---|---|---|---|
| 008 | 080820t xxu||||| |||| 00| 0 eng d | ||
| 010 | _aENG-84934 | ||
| 020 |
_a8183241417 _c350.00 |
||
| 035 | _aEN-68467 | ||
| 037 | _bD.B.Act / Pub | ||
| 082 | _a338.I0954 | ||
| 100 | _aSalam,M.A. | ||
| 245 |
_aAgricultural transformations in North-East India _bwith special reference to Arunachal Pradesh _cby M.A. Salam |
||
| 260 |
_aNew Delhi _bMittal Publications _c2006 |
||
| 270 |
_a4594/9, Darya Ganj, _bNew Delhi _e110002 _k23250398 _l25351521 |
||
| 300 |
_axxxii, 140p. _c22cm.(Hb) |
||
| 500 | _aIncludes index | ||
| 650 | _aAgriculture | ||
| 942 |
_adpl _cEN _k338.10954 / SAL _2ddc _h338.10954 _mSAL |
||
| 999 |
_c773 _d773 |
||